Statistics for Countries That Have A As Their Only Vowel

Click here to take the quiz!

General Stats

  • This quiz has been taken 71 times
  • The average score is 6 of 11

Answer Stats

Answer% Correct
Japan
80%
Canada
76%
Panama
66%
Chad
63%
Ghana
59%
Bahamas
56%
Qatar
47%
Kazakhstan
46%
Madagascar
34%
Malta
34%
Rwanda
34%

Score Distribution

Percentile by Number Answered

Percent of People with Each Score

Your Score History

You have not taken this quiz